000
00254nam a2200109Ia 4500
008
190216s9999||||xx |||||||||||||| ||und||
100
_a
Kudesia. V.P
245
0
_a
Industrial Pollution
260
_b
Pragathi Prakashan
_c
1990
300
_a
384
942
_c
BK
999
_c
2774
_d
2774